Normal view MARC view
  • Supervisor: Dr. Jawad Arif

Entry Personal Name

Number of records used in: 6

001 - CONTROL NUMBER

  • control field: 112520

003 - CONTROL NUMBER IDENTIFIER

  • control field: NUST

005 - DATE AND TIME OF LATEST TRANSACTION

  • control field: 20230522154255.0

008 - FIXED-LENGTH DATA ELEMENTS

  • fixed length control field: 230522|| aca||aabn | a|a d

040 ## - CATALOGING SOURCE

  • Original cataloging agency: NUST
  • Transcribing agency: NUST

100 ## - HEADING--PERSONAL NAME

  • Personal name: Supervisor: Dr. Jawad Arif

670 ## - SOURCE DATA FOUND

  • Source citation: Work cat.: (NUST): Muhammad Sufyan Arshad 112519, Machine Learning Based State of Charge Estimation of the Li-Ion Batteries
© 2023 Central Library, National University of Sciences and Technology. All Rights Reserved.